00754nam a22002057a 450000500170000001000130001702000220003003500130005203700160006504000120008108200170009310000170011024501060012726000450023327000620027830000320034050000500037265000750042265000510049720170124110103.0 aA-948842 c00.00a0195645952 aA-948842 bCen Lib/Ret aDPLbEN a954.082bALA aAlavi, Seema aThe sepoys and the Company :cby Seema Alavibtradition and transition in Northern India, 1770-1830 / bOxford University Pressc1998aNew Delhi aYMCA Library Building, Jai Singh Road bNew Delhie110001 axv, 315p. :c20cm(Hb)bill. aIncludes bibliographical references and index aEast India Company. -- Army -- Recruiting, enlistment, etc. -- History aIndia -- History -- Sepoy Rebellion, 1857-1858